| 000 | 00507cam a2200169 a 4500 | ||
|---|---|---|---|
| 999 |
_c4593 _d4593 |
||
| 020 | _a0618118373 | ||
| 050 | 0 | 0 |
_aQD31.2 _b.Eb1 |
| 100 | 1 | _aEbbing, Darrell D. | |
| 245 | 1 | 0 |
_aGeneral chemistry / _cDarrell D. Ebbing, Steven D. Gammon. |
| 250 | _a7th ed., instructor's annotated ed. | ||
| 260 |
_aBoston : _bHoughton Mifflin Co., _cc2002. |
||
| 300 |
_a1 v. (various pagings) : _bill. (some col.) ; _c26 cm. |
||
| 500 | _aIncludes index. | ||
| 650 | 0 | _aChemistry. | |
| 700 | 1 | _aGammon, Steven D. | |
| 942 | _cBK | ||